Farallón y Río Hato: enfrentamientos y miedo durante la invasión del 20 de diciembre de 1989 /
Guardat en:
| Autor principal: | |
|---|---|
| Format: | Text |
| Etiquetes: |
Afegir etiqueta
Sense etiquetes, Sigues el primer a etiquetar aquest registre!
|
MARC
| LEADER | 00000 a a2200000 04500 | ||
|---|---|---|---|
| 001 | 45670 | ||
| 003 | |||
| 040 | |||
| 100 | |a García B., Pantaleón | ||
| 245 | |a Farallón y Río Hato: |b enfrentamientos y miedo durante la invasión del 20 de diciembre de 1989 / |c Pantaleón García B. | ||
| 590 | |a DISEMINAR112013 | ||
| 773 | |g número501 (2012), páginas 22-46 | ||
| 999 | |c 25936 |d 25936 | ||
